| 000 | 00502nam a2200169Ia 4500 | ||
|---|---|---|---|
| 008 | 240729s9999 xx 000 0 und d | ||
| 022 | _a2233-8853 | ||
| 245 | 0 | _aSleep Medicine Research | |
| 260 | _aKorea, Republic of | ||
| 260 | _bKorean Society of Sleep Medicine | ||
| 650 | _a Internal medicine | ||
| 650 | _a Neurosciences. Biological psychiatry. Neuropsychiatry | ||
| 650 | _aMedicine | ||
| 856 | _uhttps://doaj.org/toc/d5f899b968f5460da8fc40a110043371 | ||
| 942 | _2ddc | ||
| 942 | _cDOAJEJ | ||
| 999 |
_c73046 _d73046 |
||
| 945 |
_a1 _bMadushi Gamage _c1 _dMadushi Gamage |
||